• 首页
  • 本馆介绍
  • 公告通知
  • 最新文献
  • 馆藏检索
  • 电子资源
  • 读者导购
  • 参考咨询
  • 我的图书馆
  • 登录
  • 详细信息显示
  • 放入我的书架
  • 预约/预借图书
  • 作者相关作品
  • 分类相关作品
  • 丛书相关作品
  • 出版社相关作品

书目信息

  • 表格格式
  • 工作单格式
  • 卡片格式
题名:
期货法律法规过关必做1200题
    
 
作者: ;圣才学习网 主编
分册:  
出版信息: 北京   中国石化出版社  2017
页数: 234页
开本: 26cm
丛书名:
单 册:
中图分类: D922.287.4 , D922.287
科图分类:
主题词: 期货交易--法规--中国--资格考试--习题集
电子资源:
ISBN: 978-7-5114-4644-2
000 01093nam0 2200265 450
001 2368743759
005 20231215171738.83
010    @a978-7-5114-4644-2@dCNY 58.00
100    @a20171212d2017 em y0chiy0120 ea
101 0  @achi
102    @aCN@b110000
105    @ay q 000yy
200 1  @a期货法律法规过关必做1200题@Aqi huo fa lv fa gui guo guan bi zuo 1200 ti@f圣才学习网主编
205    @a2版
210    @a北京@c中国石化出版社@d2017
215    @a234页@d26cm
300    @a全国期货从业人员资格考试辅导系列
304    @a含历年真题
330    @a本书是全国期货从业人员资格考试科目“期货法律法规”的过关必做习题集。遵循最新《期货法律法规考试大纲》的内容编排,共分为20章,根据考试大纲的内容和要求精心编写了约1200道习题,其中包括历年机考真题。所选习题基本涵盖了考试大纲规定需要掌握的知识内容,侧重于选用常考重难点习题,并对所有习题进行了详细的分析和解答。
606 0  @a期货交易@x法规@y中国@x资格考试@j习题集
690    @aD922.287.4@v5
690    @aD922.287@v4
711 02 @a圣才学习网@Asheng cai xue xi wang@4主编
801  2 @aCN@b辽宁北配@c20231205
905    @aZUCC@dD922.287@e11=2
    
    期货法律法规过关必做1200题/圣才学习网主编.-2版.-北京:中国石化出版社,2017
    234页;26cm
    全国期货从业人员资格考试辅导系列
    
    ISBN 978-7-5114-4644-2:CNY 58.00
    本书是全国期货从业人员资格考试科目“期货法律法规”的过关必做习题集。遵循最新《期货法律法规考试大纲》的内容编排,共分为20章,根据考试大纲的内容和要求精心编写了约1200道习题,其中包括历年机考真题。所选习题基本涵盖了考试大纲规定需要掌握的知识内容,侧重于选用常考重难点习题,并对所有习题进行了详细的分析和解答。
●
相关链接 在五车中查询图书 在当当中查询图书 在豆瓣中查询图书


正题名:期货法律法规过关必做1200题     索取号:D922.287/11=2         预约/预借

序号 登录号 条形码 馆藏地/架位号 状态 备注
1 2001546243   2001546243   第四书库/51/ [索取号:D922.287/11=2] 在馆    
2 2001546244   2001546244   第四书库/51/ [索取号:D922.287/11=2] 在馆    
3 2001546245   2001546245   第四书库/51/ [索取号:D922.287/11=2] 在馆    
4 2001546246   2001546246   第四书库/51/ [索取号:D922.287/11=2] 在馆    
5 2001546247   2001546247   第四书库/51/ [索取号:D922.287/11=2] 在馆    
6 2001546248   2001546248   第四书库/51/ [索取号:D922.287/11=2] 在馆    
7 2001546249   2001546249   第四书库/51/ [索取号:D922.287/11=2] 在馆    
8 2001546250   2001546250   第四书库/51/ [索取号:D922.287/11=2] 在馆    
9 2001546251   2001546251   第四书库/51/ [索取号:D922.287/11=2] 在馆    
10 2001546252   2001546252   第四书库/51/ [索取号:D922.287/11=2] 在馆    
11 2001546253   2001546253   第四书库/51/ [索取号:D922.287/11=2] 在馆    
12 2001546254   2001546254   第四书库/51/ [索取号:D922.287/11=2] 在馆    
13 2001546255   2001546255   第四书库/51/ [索取号:D922.287/11=2] 在馆    
14 2001546256   2001546256   第四书库/51/ [索取号:D922.287/11=2] 在馆    
15 2001546257   2001546257   第四书库/51/ [索取号:D922.287/11=2] 在馆    
16 2001546258   2001546258   第四书库/51/ [索取号:D922.287/11=2] 在馆    
17 2001546259   2001546259   第四书库/51/ [索取号:D922.287/11=2] 在馆    
18 2001546260   2001546260   第四书库/51/ [索取号:D922.287/11=2] 在馆    
19 2001546261   2001546261   第四书库/51/ [索取号:D922.287/11=2] 在馆    
20 2001546262   2001546262   第四书库/51/ [索取号:D922.287/11=2] 在馆    
21 2001546263   2001546263   第四书库/51/ [索取号:D922.287/11=2] 在馆    
22 2001546264   2001546264   第四书库/51/ [索取号:D922.287/11=2] 在馆    
23 2001546265   2001546265   第四书库/51/ [索取号:D922.287/11=2] 在馆    
24 2001546266   2001546266   第四书库/51/ [索取号:D922.287/11=2] 在馆    
25 2001546267   2001546267   第四书库/51/ [索取号:D922.287/11=2] 在馆    
26 2001546268   2001546268   第四书库/51/ [索取号:D922.287/11=2] 在馆    
27 2001546269   2001546269   第四书库/51/ [索取号:D922.287/11=2] 在馆    
28 2001546270   2001546270   第四书库/51/ [索取号:D922.287/11=2] 在馆    
29 2001546271   2001546271   第四书库/51/ [索取号:D922.287/11=2] 在馆    
30 2001546272   2001546272   第四书库/51/ [索取号:D922.287/11=2] 在馆    
山东省滨州职业学院图书馆 欢迎您!
大连网信软件有限公司© 版权所有